Piłkarska kariera Petera Schmeichela. - Statystyki

Ogólne statystyki
  • Ten quiz został rozwiązany 49 razy
  • Średni wynik to 3 z 7
Statystyki odpowiedzi
Lata Drużyna % Poprawnych
1991-1999 Manchester United
100%
2002-2003 Manchester City
71%
1987-1991 Brondby
33%
2001-2002 Aston Villa
24%
1999-2001 Sporting
19%
1984-1987 Hvidovre
14%
1980-1984 Gladsaxe-Hero
10%
Nie znaleziono quizów pasujących do podanych kryteriów
Rozkład punktacji
Procent ludzi z każdym wynikiem
Percentyl według liczby udzielonych odpowiedzi
Twoja historia wyników
Nie rozwiązałeś tego quizu